00498nam a2200193 a 4500001001300000003000900013005001700022008004100039020001000080082001600090100001600106245004800122260004500170300000800215500003500223505001000258650002000268700001600288nice12345678IN_TiNIC20260116015128.0070913s1982 rawa grp 000 0 eng  ac10000a297.38bGEI aGeijbels, M aMuslim Festivals and Ceremonies in Pakistan aRawalpindibChristian Study Centrec1982 a62p aincludes index and biblioraphy2 aIndex aFestivals-Islam1 aGeijbels, M